000 01444cam a2200385 a 4500
001 108693
005 20230410105441.0
008 111004s2011 ag a b 000 0 spa d
035 _a17037650
925 0 _aacquire
_b1 shelf copy
_xpolicy default
942 _2lcc
_cbk
010 _a 2011438646
020 _a9789871354818
035 _a(AR-BaFGC)0-163334/6
040 _aAR-BaFGC
_cAR-BaFGC
_dDLC
042 _alccopycat
043 _acl-----
_acc-----
050 1 4 _aHC 125
_bA512 2011
082 0 0 _a337.1/8
245 0 0 _aAmérica Latina y el Caribe :
_bALBA :¿ una nueva forma de integración regional? /
_cJosette Altmann Borbón, editora.
260 _aBuenos Aires :
_bTeseo :
_bOIRLA :
_bFundación Carolina, CeALCI :
_bFLACSO,
_cc2011.
300 _a241 p. :
_bill. ;
_c20 cm.
440 0 _aRelaciones internacionales. América Latina y el Caribe
504 _aIncludes bibliographical references (p. [189]-203).
610 2 0 _aAlternativa Bolivariana para las Américas (Organization)
610 2 4 _aAlternativa Bolivariana para las Américas.
651 4 _aAmérica Latina
_xIntegración regional.
650 4 _aIntegración regional
_zCaribe (Región)
651 0 _aLatin America
_xEconomic integration.
651 0 _aCaribbean Area
_xEconomic integration.
700 1 _aAltmann Borbán, Josette.
856 4 1 _uhttp://core.cambeiro.com.ar/0-163334-6.pdf
923 _d20111017
_n825
_sAR-BaFGC
985 _eGC-FY11
999 _c36960
_d36960